Sports Quiz

Random Sports or WWE Quiz

Name WWE Finishers 2015 Quiz Stats

Quiz not verified by Sporcle

Challenge
Share
Tweet
Embed
Score 0/45 Timer 10:00
0 Plays Today
Hint Answer % Correct
Big Show / Kane / UndertakerChokeslam
69.9%
Randy OrtonRKO
69.6%
Brock LesnarF5
67.8%
Dolph ZigglerZig Zag
66.7%
Seth Rollins / Triple HPedigree
66.3%
Daniel BryanYes lock
63.4%
John CenaAA
63.4%
Roman ReignsSpear
63.4%
John CenaSTF
62%
Kevin OwensPop Up Powerbomb
61.2%
Big EBig Ending
60.9%
Dean AmbroseDirty Deeds
60.9%
SheamusBrogue Kick
60.9%
Cesaro / Tyson Kidd / Natalya / StingSharpshooter
59.8%
Kofi KingstonTrouble in Paradise
58.3%
Bray WyattSister Abigail
57.6%
Kane / UndertakerTombstone Piledriver
57.6%
NevilleRed Arrow
57.6%
The MizSkull Crushing Finale
54.7%
Dolph Ziggler / The Usos / RusevSuperkick
54.3%
Big ShowK.O Punch
52.5%
RusevThe Accolade
50%
Daniel BryanRunning Knee
49.3%
Hint Answer % Correct
StingScorpion Death Drop
48.6%
BNBBull Hammer
47.8%
Bo DallasBo Dog
47.5%
Jack SwaggerPatriot Lock
47.5%
Zack RyderRough Ryder
46.4%
CesaroNeutralizer
44.9%
Luke HarperDiscus Clothesline
44.9%
Titus O'NeilClash of the Titus
44.9%
KalistoSalida del Sol
43.5%
The Miz / CharlotteFigure 4
41.7%
Adam RoseParty Foul
40.6%
Mark HenryWorld Strongest Slam
38.8%
FandangoLast Dance
38.4%
GoldustFinal Cut
36.2%
StardustQueen's Crossbow
34.8%
Darren YoungGut Check
32.2%
Erick RowanFull Nelson Slam
27.5%
R-TruthWhat's Up
25%
Sin CaraDragon Bomb
19.2%
Tyson KiddCode Blue
19.2%
Braun StrowmanYokosuka Cutter
13.8%
RybackShell Schocked
8.3%

You're not logged in!

Compare scores with friends on all Sporcle quizzes.
Join for Free
OR
Log In

You Might Also Like...

Show Comments

Extras

Top Quizzes Today


Score Distribution

Your Account Isn't Verified!

In order to create a playlist on Sporcle, you need to verify the email address you used during registration. Go to your Sporcle Settings to finish the process.

Report this User

Report this user for behavior that violates our Community Guidelines.

Details: